|
|
|
|
| LEADER |
01527ngm a2200409 i 4500 |
| 001 |
001571567 |
| 003 |
CZ BrMZK |
| 005 |
20260122123523.0 |
| 007 |
vd cvaizu |
| 008 |
170411t20102010xr e vlcze |
| 040 |
|
|
|a BOA001
|b cze
|e rda
|
| 043 |
|
|
|a e-xr---
|b e-xr-jm
|2 czenas
|
| 072 |
|
7 |
|a 908(437)
|x Vlastivěda Česka a Slovenska
|2 Konspekt
|9 8
|
| 080 |
|
|
|a 725.012.28
|2 MRF
|
| 080 |
|
|
|a 908(437.322)
|2 MRF
|
| 080 |
|
|
|a (0.034.44)
|2 MRF
|
| 245 |
0 |
0 |
|a Rozhledna Slunečná /
|c text, scénář: Miroslav Grégr
|
| 264 |
|
1 |
|a Velké Pavlovice :
|b Město Velké Pavlovice,
|c [2010]
|
| 264 |
|
4 |
|c ©2010
|
| 300 |
|
|
|a 1 DVD video :
|b zvuk, barevné ;
|c 12 cm
|
| 336 |
|
|
|a dvojrozměrný pohyblivý obraz
|b tdi
|2 rdacontent
|
| 337 |
|
|
|a video
|b v
|2 rdamedia
|
| 338 |
|
|
|a videodisk
|b vd
|2 rdacarrier
|
| 344 |
|
|
|a digital
|b optical
|2 rda
|
| 347 |
|
|
|a video soubor
|b DVD video
|2 rda
|
| 500 |
|
|
|a Pro město Velké Pavlovice vyrobilo Videostudio Grégr Miroslav
|
| 511 |
0 |
|
|a Komentář: Ladislav Lakomý
|
| 650 |
0 |
7 |
|a rozhledny
|7 ph125258
|z Česko
|2 czenas
|
| 651 |
|
4 |
|a Slunečná (rozhledna)
|
| 651 |
|
7 |
|a Velké Pavlovice (Česko : oblast)
|7 ge409513
|x vlastivěda
|2 czenas
|
| 655 |
|
7 |
|a DVD
|7 fd186912
|2 czenas
|
| 700 |
1 |
|
|a Grégr, Miroslav
|4 aut
|4 sce
|
| 700 |
1 |
|
|a Lakomý, Ladislav,
|d 1931-2011
|7 jo20000069678
|4 nrt
|
| 910 |
|
|
|a BOA001
|b CDR2-1387.077
|
| 990 |
|
|
|a VI
|
| 991 |
|
|
|b 201705
|c NOV
|
| 996 |
6 |
|
|b 2610704696
|c CDR2-1387.077
|l Stud. periodik/2.patro
|r Sklad / do 1 hodiny
|n 0
|p p.v.
|w 001607394
|u 000010
|a 1
|e BOA001
|j MZK50
|s P
|